Organic chemistry
Salvato in:
| Autore principale: | |
|---|---|
| Natura: | Libro |
| Lingua: | Undetermined |
| Pubblicazione: |
Victoria
Thomson
2008
|
| Soggetti: | |
| Tags: |
Aggiungi Tag
Nessun Tag, puoi essere il primo ad aggiungerne! !
|
| Thư viện lưu trữ: | Trung tâm Học liệu Trường Đại học Cần Thơ |
|---|
| LEADER | 00500nam a2200205Ia 4500 | ||
|---|---|---|---|
| 001 | CTU_129251 | ||
| 008 | 210402s9999 xx 000 0 und d | ||
| 020 | |c 2964000 | ||
| 082 | |a 547 | ||
| 082 | |b M168 | ||
| 100 | |a McMurry, John | ||
| 245 | 0 | |a Organic chemistry | |
| 245 | 0 | |c John McMurry | |
| 260 | |a Victoria | ||
| 260 | |b Thomson | ||
| 260 | |c 2008 | ||
| 650 | |a Chemistry, Organic | ||
| 650 | |x Textboooks | ||
| 904 | |i Nguyên | ||
| 980 | |a Trung tâm Học liệu Trường Đại học Cần Thơ | ||